[Event "70th ch-BLR"]
[Site "Minsk BLR"]
[Date "2004.03.06"]
[Round "3"]
[White "Azarov,S"]
[Black "Teterev,V"]
[Result "1-0"]
[WhiteElo "2551"]
[BlackElo "2460"]

1.e4 c5 2.Nf3 Nc6 3.d4 cxd4 4.Nxd4 e6 5.Nc3 Qc7 6.Be3 a6 7.Qd2 Nf6 8.f3 Ne5
9.O-O-O Bb4 10.Nb3 b5 11.Qe1 Nc4 12.Bd4 O-O 13.e5 Bxc3 14.Bxc3 Nd5 15.Bd4 d6
16.exd6 Qxd6 17.Kb1 Rd8 18.Bd3 Bb7 19.Bxc4 bxc4 20.Na5 Qe7 21.Nxc4 f6 22.Qf2 Qb4
23.Nb6 Rab8 24.a3 Qe7 25.c4 Nxb6 26.Bxb6 Rdc8 27.c5 Bd5 28.Rd4 Rxc5 29.Bxc5 Qxc5
30.Qe3 Rb3 31.Qd2 Qxa3 32.Rc1 Qd6 33.Rc8+ Kf7 34.Qc2 Rb7 35.Qxh7 Qb6 36.Qg8+ Kg6
37.Rg4+ Kf5 38.Qh7+ Ke5 39.Qc2 f5 40.Qc3+ Kd6 41.Rd4 Qb5 42.Rcc4 e5 43.Rd1 Rb6
44.Rc8 Ke6 45.Rc5 Qb3 46.Qxb3 Bxb3 47.Rd8 Ke7 48.Rd2 Kf6 49.Kc1 Re6 50.Rd3 Ba4
51.Kd2 Bb5 52.Rd8 Ke7 53.Rdd5 Kf6 54.Rc8 f4 55.h4 e4 56.Rf8+ Kg6 57.fxe4 Rxe4
58.Rg5+ Kh7 59.Rf7 Rd4+ 60.Kc3 Rc4+ 61.Kb3 Rc1 62.Rxf4 Kh6 63.g3 Rc6 64.Kb4 Rc8
65.Rd4 Be2 66.Rd6+ Kh7 67.Ka5 Rc2 68.Rd7 Rxb2 69.Rdxg7+ Kh6 70.R7g6+ Kh7
71.Rd6 Rb3 72.Re5  1-0

[Event "21st Open"]
[Site "Reykjavik ISL"]
[Date "2004.03.07"]
[Round "1"]
[White "Gretarsdottir,L"]
[Black "Handke,F"]
[Result "0-1"]
[WhiteElo "2071"]
[BlackElo "2459"]

1.e4 c5 2.Nf3 e6 3.d4 cxd4 4.Nxd4 Nc6 5.Nc3 Qc7 6.Be2 a6 7.O-O Nf6 8.a3 Nxd4
9.Qxd4 Bc5 10.Qd3 h5 11.h4 b5 12.g3 Bb7 13.Bf4 Qb6 14.Bf3 Ng4 15.Nd1 Rd8
16.Qe2 O-O 17.Bxg4 hxg4 18.Qxg4 f5 19.exf5 Qc6 20.Qh3 Rxf5 21.Be3 Bd6 22.Bg5 Rdf8
23.Ne3 Rf3 24.h5 Bxg3 25.Qg2 Bxf2+  0-1

[Event "21st Open"]
[Site "Reykjavik ISL"]
[Date "2004.03.08"]
[Round "2"]
[White "Carlsen,M"]
[Black "Timman,J"]
[Result "0-1"]
[WhiteElo "2484"]
[BlackElo "2578"]

1.e4 c5 2.Nf3 Nc6 3.d4 cxd4 4.Nxd4 e6 5.Nc3 a6 6.g3 Nge7 7.Nb3 d6 8.Bg2 Bd7
9.O-O Nc8 10.a4 Be7 11.Qe2 O-O 12.Be3 Na5 13.Nxa5 Qxa5 14.Qd2 Qc7 15.Ne2 Bf6
16.c3 Rd8 17.f4 Rb8 18.g4 b5 19.g5 Be7 20.a5 d5 21.f5 dxe4 22.f6 Bc5 23.Kh1 Bc6
24.Qc1 Bxe3 25.Qxe3 Rd3 26.Qg1 Nd6 27.Nf4 Rf3 28.Rad1 Nc4 29.Qc5 Nxa5 30.Nh5 Nb7
31.Qa7 g6 32.Ng3 Rxf1+ 33.Nxf1 a5 34.Ng3 Rd8 35.Rxd8+ Qxd8 36.Bxe4 Bxe4+
37.Nxe4 Qd5 38.Kg1 h6 39.Qa8+ Nd8 40.Qxd5 exd5 41.Nd6 hxg5 42.Nxb5 Nc6 43.Kf2 Ne5
44.Kg3 a4 45.Nc7 Nc4 46.Nxd5 Nxb2 47.Nb4 Kh7 48.Kf3 Kh6 49.Ke4 g4 50.Kd5 a3
51.Kd6 g5  0-1

[Event "TCh-BEL 2003-4"]
[Site "Belgium BEL"]
[Date "2004.03.09"]
[Round "10"]
[White "Akhayan,R"]
[Black "Horvath,Ta1"]
[Result "0-1"]
[WhiteElo "2230"]
[BlackElo "2432"]

1.e4 c5 2.Nf3 Nc6 3.Nc3 e6 4.d4 cxd4 5.Nxd4 Qc7 6.g3 d6 7.Bg2 Bd7 8.O-O Be7
9.Ncb5 Qb8 10.c4 a6 11.Nxc6 Bxc6 12.Nc3 Nf6 13.Re1 O-O 14.Bf4 Re8 15.Qc2 Ng4
16.Rad1 Ne5 17.b3 b5 18.cxb5 axb5 19.Ne2 Rc8 20.Nd4 Be8 21.Qe2 Bd8 22.Nf3 Ba5
23.Rf1 Bc3 24.Nxe5 dxe5 25.Be3 b4 26.Qg4 Kh8 27.Rc1 Rxa2 28.Rfd1 Bb5 29.Bf3 Rd8
30.Qg5 Ra8 31.h4 Qc7 32.h5 h6 33.Qh4 Bd3 34.Kh2 Rd7 35.Rg1 Qd8 36.Qh3 Ra2
37.Rgd1 Bc2 38.Rxd7 Qxd7 39.g4 Bd4 40.Bxd4 Qxd4 41.g5 Bxe4 42.gxh6 Bxf3 43.hxg7+ Kg8  0-1

[Event "21st Open"]
[Site "Reykjavik ISL"]
[Date "2004.03.09"]
[Round "3"]
[White "Nataf,IA"]
[Black "Handke,F"]
[Result "1/2-1/2"]
[WhiteElo "2569"]
[BlackElo "2459"]

1.e4 c5 2.Nf3 e6 3.d4 cxd4 4.Nxd4 Nc6 5.Nc3 Qc7 6.Be2 a6 7.O-O Nf6 8.Kh1 Be7
9.f4 d6 10.a4 O-O 11.Be3 Re8 12.Bf3 Rb8 13.g4 Bf8 14.g5 Nd7 15.Bg2 b6 16.Qh5 g6
17.Qh4 Bb7 18.Rf3 Bg7 19.Rd1 Nb4 20.Rh3 Nf8 21.Qf2 e5 22.Nb3 exf4 23.Bxb6 Qe7
24.Bd4 Be5 25.Bxe5 Qxe5 26.Nd4 Qxg5 27.Rh4 Ne6 28.Nxe6 fxe6 29.Rxf4 Rf8 30.Rxf8+ Rxf8
31.Qd2 Qxd2 32.Rxd2 Rd8 33.e5 Bxg2+ 34.Kxg2 d5 35.Ne2 Nc6 36.Nd4 Nxd4 37.Rxd4 Rb8
38.b3 Rc8 39.c4 dxc4 40.bxc4 Rc5 41.Rd6 a5 42.Rxe6 Rxc4 43.Ra6 Rxa4 44.Ra7 h5
45.e6 Kf8 46.Kf3 g5 47.Kg3 Ra3+ 48.Kg2 a4 49.h4 Ra2+ 50.Kg3 Ra3+ 51.Kg2 gxh4
52.Kh2 h3  1/2-1/2

[Event "21st Open"]
[Site "Reykjavik ISL"]
[Date "2004.03.10"]
[Round "4"]
[White "Sigfusson,S"]
[Black "Maze,S"]
[Result "1/2-1/2"]
[WhiteElo "2285"]
[BlackElo "2462"]

1.e4 c5 2.Nf3 Nc6 3.d4 cxd4 4.Nxd4 e6 5.Nc3 Qc7 6.Be3 a6 7.a3 b5 8.f4 Bb7
9.Be2 Nf6 10.e5 Nxd4 11.Bxd4 Nd5 12.Nxd5 Bxd5 13.O-O Bc5 14.c3 Qc6 15.Bf3 d6
16.exd6 O-O 17.Bxd5 Qxd5 18.Bxc5 Qxc5+ 19.Kh1 Rad8 20.d7 Qc6 21.Qg4 Rxd7
22.f5 exf5 23.Qxf5 g6 24.Qf2 Rfd8 25.Rae1 Qc4 26.Re2 Rd1 27.Rfe1 Kg7 28.h3 R8d3
29.Rxd1 Rxd1+ 30.Re1 Rd6 31.Qg3 Qc5 32.Rf1 Re6 33.Qf4 Qe7 34.Qd4+ f6 35.Rd1 Re2
36.Qg4 f5 37.Qd4+ Kh6 38.Rd2 Re1+ 39.Kh2 Rf1 40.Rd1 Rxd1 41.Qxd1 Qe5+ 42.Kh1 Qe3
43.Qd6 f4 44.Qf6 Qe1+ 45.Kh2 Qe3 46.Kh1 Qe1+ 47.Kh2 Qf2 48.b3 Qg3+ 49.Kh1 Qe1+
50.Kh2 Qg3+  1/2-1/2

[Event "It"]
[Site "Miskolc HUN"]
[Date "2004.03.11"]
[Round "2"]
[White "Firman,N"]
[Black "Goloshchapov,A"]
[Result "0-1"]
[WhiteElo "2526"]
[BlackElo "2572"]

1.e4 c5 2.Nf3 Nc6 3.d4 cxd4 4.Nxd4 e6 5.Nc3 Qc7 6.Be3 a6 7.Bd3 Nf6 8.Qe2 Bd6
9.Nb3 Bf4 10.Bxf4 Qxf4 11.g3 Qc7 12.O-O-O d6 13.g4 b6 14.Bb5 axb5 15.Nxb5 Qe7
16.g5 Nxe4 17.f3 Ba6 18.c4 Qxg5+ 19.Kb1 Nc5 20.Nxd6+ Ke7 21.f4 Qf6 22.Qf3 Ne5
23.Qg2 Qg6+  0-1

[Event "Petrosian Mem"]
[Site "Stepanakert AZE"]
[Date "2004.03.11"]
[Round "3"]
[White "Pashikian,A"]
[Black "Pelletier,Y"]
[Result "1/2-1/2"]
[WhiteElo "2451"]
[BlackElo "2587"]

1.e4 c5 2.Nc3 e6 3.Nf3 Nc6 4.d4 cxd4 5.Nxd4 Qc7 6.g3 a6 7.Bg2 Nf6 8.O-O Nxd4
9.Qxd4 Bc5 10.Bf4 d6 11.Qd2 h6 12.Rad1 Ke7 13.Be3 e5 14.Bxc5 Qxc5 15.Na4 Qc6
16.f4 a5 17.Nc3 Qc5+ 18.Kh1 Bg4 19.Rde1 Rac8 20.fxe5 dxe5 21.Nd5+ Nxd5 22.exd5 f6
23.Qd3 Bd7 24.c4 Kd6 25.b3 Rhe8 26.Qg6 Re7 27.Rd1 Rf8 28.Rc1 b6 29.Qd3 Rc8
30.Be4 b5 31.cxb5 Qxc1 32.Rxc1 Rxc1+ 33.Kg2 Rc5 34.b6 Bb5 35.Qd2 Rb7 36.a4 Bd7
37.b4 Rc4 38.b5 Rxa4 39.Qc2 Rb4 40.Bf5 Rxb6 41.Bxd7 Kxd7 42.Qg6 Kd6 43.Qxg7 Kxd5
44.Qxh6 Rb2+ 45.Kf3 Rb3+ 46.Kg2 R3xb5 47.h4 Rb2+ 48.Kh3 a4 49.Qf8 Ra6 50.Qd8+ Ke4
51.Qc8 Rbb6 52.Qc4+ Ke3 53.Qc3+ Ke4 54.Qc4+ Ke3  1/2-1/2

[Event "TCh-SWE 2003-4"]
[Site "Goteborg SWE"]
[Date "2004.03.12"]
[Round "9"]
[White "Aagaard,J"]
[Black "Bellon Lopez,JuM"]
[Result "1/2-1/2"]
[WhiteElo "2370"]
[BlackElo "2429"]

1.e4 c5 2.Nf3 e6 3.Nc3 Nc6 4.d4 cxd4 5.Nxd4 Nf6 6.Ndb5 Bc5 7.Bf4 O-O 8.Bc7 Qe7
9.Bd6 Bxd6 10.Qxd6 Qxd6 11.Nxd6 Ne8 12.Nxe8 Rxe8 13.O-O-O Re7 14.Nb5 b6 15.Nd6 Rb8
16.Bb5 Kf8 17.Bxc6 dxc6 18.Nxc8 Rxc8 19.Rd6 e5 20.Rhd1 f6 21.c4 Kf7 22.Kc2 Rcc7
23.Kc3 Re6 24.Rd8 Re8 25.R8d6 Re6 26.Rd8 Re8 27.R8d3 Ree7 28.R1d2 h5 29.h4 Rb7
30.f3 g6 31.Rd8 Rbc7 32.c5 Re8 33.Rxe8 Kxe8 34.Rd6 Ke7 35.b4 bxc5 36.bxc5 Rc8
37.Kc2 Rc7 38.Kc3 Rc8 39.g3 g5 40.a3 g4 41.fxg4 Rg8 42.g5 fxg5 43.Rxc6 gxh4
44.gxh4 Rg4 45.Kc4 Rxe4+ 46.Kd5 Rxh4 47.Rc7+ Kf6 48.c6 Rd4+ 49.Kc5 Rd1 50.Rxa7 Rc1+
51.Kd5  1/2-1/2

[Event "ch-VIE"]
[Site "Dalat City VIE"]
[Date "2004.03.13"]
[Round "2"]
[White "Nguyen Van Huy"]
[Black "Bui Vinh"]
[Result "0-1"]
[WhiteElo "2350"]
[BlackElo "2465"]

1.e4 c5 2.Nf3 Nc6 3.d4 cxd4 4.Nxd4 e6 5.Nc3 Qc7 6.Be2 a6 7.O-O Nf6 8.Be3 Bb4
9.Na4 Be7 10.Nxc6 bxc6 11.Nb6 Rb8 12.e5 Qxe5 13.Nxc8 Rxc8 14.Bxa6 Ra8 15.Bd4 Qc7
16.Be2 e5 17.Be3 d5 18.c4 d4 19.Bg5 O-O 20.Bd3 Rfe8 21.Bxf6 Bxf6 22.Qc2 g6
23.c5 Bg5 24.g3 Kg7 25.h4 Be7 26.f4 f5 27.fxe5 Qxe5 28.Rf3 Bxc5 29.a3 Qd5
30.Qg2 Re3 31.Rxe3 dxe3 32.Qxd5 cxd5 33.Kg2 Bd4 34.Rb1 Kf6 35.Kf3 Ke5 36.Bb5 Rc8
37.Bd3 h6 38.a4 g5 39.a5 g4+ 40.Ke2 Rf8 41.b4 f4 42.gxf4+ Rxf4 43.Rf1 Rxf1
44.Kxf1 Bc3 45.a6 Bd4 46.h5 Bb6 47.Be2 Kf4 48.Kg2 d4 49.Bd3 Kg5 50.Kg3 Kxh5
51.Kf4 Kh4 52.Be2 g3 53.Kf3 Kh3  0-1

[Event "TCh-SWE 2003-4"]
[Site "Goteborg SWE"]
[Date "2004.03.13"]
[Round "10"]
[White "Kulaots,K"]
[Black "Hall,Je"]
[Result "1/2-1/2"]
[WhiteElo "2530"]
[BlackElo "2487"]

1.e4 c5 2.Nf3 e6 3.d4 cxd4 4.Nxd4 Nc6 5.Nc3 Qc7 6.Be3 Nf6 7.f4 d6 8.g4 Nxd4
9.Qxd4 Nxg4 10.O-O-O Nxe3 11.Qxe3 a6 12.e5 dxe5 13.fxe5 Bb4 14.Rd3 O-O 15.Rg1 f5
16.exf6 Bc5 17.Qg3 Qxg3 18.Rgxg3 Rxf6 19.Bg2 Be7 20.Ne4 Rh6 21.h3 e5 22.Ng5 Rh5
23.Bd5+ Kf8 24.Rdf3+ Bf6 25.Ne4 Ke7 26.Nxf6 gxf6 27.Rg7+ Kd6 28.Bxb7 Bxb7
29.Rxf6+ Kd5 30.Rxb7 Rxh3 31.Rd7+ Ke4 32.Rf1 h5 33.Rh7 Rg8 34.Re1+ Re3 35.Rh1 Rg2
36.R7xh5 Ree2 37.R5h4+ Kf3 38.Rc4 e4 39.b4 e3 40.a4 Ref2 41.b5 axb5 42.axb5 Rg5
43.Rc3 Rfg2 44.b6 Rg1+ 45.Rxg1 Rxg1+ 46.Kb2 Rg8 47.Rc6 Re8 48.b7 Rb8 49.Rf6+ Kg2
50.Kc3 Rxb7 51.Kd3 Rc7 52.Re6 Kf2 53.Rf6+  1/2-1/2

[Event "21st Open"]
[Site "Reykjavik ISL"]
[Date "2004.03.15"]
[Round "8"]
[White "Luther,T"]
[Black "Maze,S"]
[Result "1-0"]
[WhiteElo "2572"]
[BlackElo "2462"]

1.e4 c5 2.Nf3 Nc6 3.d4 cxd4 4.Nxd4 e6 5.Nc3 Qc7 6.Be3 a6 7.Qd2 Nf6 8.O-O-O Bb4
9.f3 Na5 10.Nb3 d5 11.Kb1 Nxb3 12.cxb3 dxe4 13.Nb5 Qe7 14.Nc7+ Qxc7 15.Qxb4 Nd5
16.Qxe4 Nxe3 17.Qxe3 O-O 18.Bd3 Rd8 19.Be4 Bd7 20.Rc1 Bc6 21.Bxc6 bxc6 22.g3 Rd6
23.Rhd1 Rxd1 24.Rxd1 Rd8 25.Rc1 h6 26.a3 a5 27.Ka2 Rd5 28.Rc4 Qd6 29.Qb6 Qe5
30.Qxc6 Qe2 31.Rg4 Rf5 32.Qc3 Rg5 33.Rxg5 hxg5 34.Qxa5 Qxf3 35.Qxg5 f6 36.Qf4 Qg2
37.Qc4 Kf7 38.b4 Qxh2 39.b5 Qxg3 40.b6 Ke7 41.b7  1-0

[Event "It"]
[Site "Miskolc HUN"]
[Date "2004.03.16"]
[Round "6"]
[White "Antal,Ge"]
[Black "Goloshchapov,A"]
[Result "0-1"]
[WhiteElo "2498"]
[BlackElo "2572"]

1.e4 c5 2.Nf3 Nc6 3.d4 cxd4 4.Nxd4 e6 5.Nc3 Qc7 6.Be3 a6 7.Bd3 Nf6 8.O-O Bd6
9.f4 Bc5 10.Nf5 Bxe3+ 11.Nxe3 d6 12.Qf3 O-O 13.Kh1 b5 14.Qh3 h6 15.Rae1 Bb7
16.a3 b4 17.axb4 Nxb4 18.e5 Nxd3 19.exf6 Nxe1 20.Rxe1 Qc5 21.Qh4 Qd4 22.fxg7 Kxg7
23.Qg3+ Kh7 24.Rd1 Qb4 25.f5 Rg8 26.Qxd6 Qxd6 27.Rxd6 Rad8 28.Rb6 Rb8 29.Kg1 exf5
30.Rf6 Bc8 31.Rxf7+ Kg6 32.Rc7 Rxb2 33.Ncd5 Re8 34.Rxc8 Rxc8 35.Ne7+ Kg5
36.Nxc8 f4 37.Nc4 Rxc2 38.N8b6 Kf5 39.g3 Ra2 40.gxf4 Kxf4 41.Nd5+ Kg4 42.Nc3 Ra1+
43.Kg2 Rc1 44.Ne3+ Kh4 45.Ne4 a5 46.Kf3 a4 47.Ng2+ Kh3 48.Nf2+ Kxh2 49.Ng4+ Kg1
50.Nf4 Rf1+ 51.Kg3 Rxf4 52.Kxf4 a3 53.Ne3 a2 54.Nc2 Kf2 55.Ke4 h5 56.Na1 h4  0-1

[Event "It"]
[Site "Miskolc HUN"]
[Date "2004.03.17"]
[Round "7"]
[White "Firman,N"]
[Black "Prusikin,M"]
[Result "0-1"]
[WhiteElo "2526"]
[BlackElo "2519"]

1.e4 c5 2.Nf3 e6 3.d4 cxd4 4.Nxd4 Nc6 5.Nc3 Qc7 6.Be3 a6 7.Bd3 Nf6 8.O-O Nxd4
9.Bxd4 Bc5 10.Bxc5 Qxc5 11.Na4 Qc7 12.c4 d6 13.Qb3 Bd7 14.Nb6 Rd8 15.Rac1 O-O
16.Bb1 Qc5 17.h3 Bc6 18.Nd5 Nd7 19.Qg3 a5 20.Kh2 e5 21.f4 exf4 22.Rxf4 Ne5
23.Rcf1 Qxc4 24.Rh4 Ng6 25.Ne7+ Nxe7 26.e5 Qxh4 27.Qxh4 Ng6 28.Bxg6 hxg6
29.Rd1 d5 30.Qe1 Rfe8 31.Qxa5 d4 32.Qb4 Rxe5 33.Rxd4 Rxd4 34.Qxd4 Re2 35.Kg3 Rxg2+
36.Kf4 Re2 37.Qd8+ Kh7 38.Qh4+ Kg8 39.Qd8+ Kh7 40.Qh4+ Kg8 41.Qd8+ Re8 42.Qd3 Re4+
43.Kg3 f5 44.Kf2 Kh7 45.a3 Rf4+ 46.Ke2 Rf3 47.Qc4 Rxh3 48.b4 Be4 49.Qc1 Rh2+
50.Ke3 g5 51.Kd4 Kg6 52.Qc7 Rc2 53.Qd6+ Kh5 54.Qe7 g4 55.Qxg7 Kh4 56.Qh6+ Kg3
57.Ke5 Kg2 58.Qe3 g3 59.Kf4 Rf2+ 60.Kg5 Rf3 61.Qd2+ Kh1 62.Qd1+ Kh2 63.Qd6 Rxa3
64.Kh4 Rf3 65.Qe5 Kh1 66.Qa1+ Kg2 67.Qb2+ Kg1 68.Qd4+ Kh2 69.Qe5 Rd3 70.b5 Rb3
71.Qf4 Rd3 72.Qe5 Bg2 73.b6 Rf3 74.Qd4 f4 75.Kg4 Rf2 76.Qh8+ Kg1 77.Qd4 Bc6
78.Kh3 Bg2+ 79.Kg4 Bf1 80.Qd5 Be2+ 81.Kg5 Bf3 82.Qd4 Bc6 83.Kg4 Kg2 84.Qd6 Rf1
85.Qd4 Kh2 86.Qh8+ Kg1 87.Qd4+ Rf2 88.Qa1+ Kg2 89.Qd4 Re2 90.Qd6 Rf2 91.Qd4 Re2
92.Qd6 Rf2 93.Qd4 f3 94.Qf4 Kg1 95.Qd4 Kh2 96.Qd6 Kh1 97.Qd1+ Kg2 98.Qd6 Re2
99.Qxg3+ Kh1 100.Kf4 f2 101.Qh4+ Kg1 102.Qg5+ Bg2 103.Qc5 Bh3 104.Kg3 Bg2
105.Qd4 Rd2 106.Qe3 Rb2 107.Qd4 Rb3+ 108.Kg4 Rf3 109.Qc5 Kh1  0-1

[Event "TCh-AUT 2003-4"]
[Site "Jenbach AUT"]
[Date "2004.03.18"]
[Round "8"]
[White "Steflitsch,E"]
[Black "Vogt,L"]
[Result "0-1"]
[WhiteElo "2388"]
[BlackElo "2466"]

1.e4 c5 2.Nf3 e6 3.d4 cxd4 4.Nxd4 Nc6 5.Nc3 d6 6.Be3 Nf6 7.Be2 Be7 8.O-O O-O
9.f4 Bd7 10.Nb3 a6 11.a4 b6 12.Bf3 Qc7 13.Qe2 Bc8 14.Kh1 Bb7 15.g4 d5 16.exd5 Nxd5
17.Nxd5 exd5 18.Qf2 Nb4 19.Bxb6 Qxc2 20.Qxc2 Nxc2 21.Rac1 Rac8 22.Rfd1 Bd6
23.Bxd5 Bxd5+ 24.Rxd5 Bxf4 25.Rcd1 Rb8 26.a5 Ne3 27.Bxe3 Bxe3 28.R1d3 Bf4
29.h4 h6 30.Kg2 Rb4 31.R5d4 Rfb8 32.Rxb4 Rxb4 33.Kf3 Bc7 34.Rc3 Be5 35.Rc8+ Kh7
36.Nc5 Bxb2 37.Nxa6 Ra4 38.Rc5 Bd4 39.Rf5 f6 40.h5 Ra3+ 41.Ke4 Be5 42.Nc5 Rxa5
43.Nd7 Ra4+ 44.Kd5 Bg3 45.Ke6 Re4+ 46.Kd5 Rxg4 47.Nf8+ Kg8 48.Ng6 Kf7 49.Nh8+ Ke8
50.Ng6 Bc7 51.Kc6 Be5 52.Kd5 Rd4+ 53.Kc5 Rd1 54.Kc6 Kf7 55.Nxe5+ Ke6 56.Nc4 Kxf5
57.Ne3+ Kg5 58.Nxd1 Kxh5 59.Kd5 Kg4 60.Ke4 f5+ 61.Ke3 Kg3 62.Ke2 f4 63.Kf1 g5
64.Nc3 g4 65.Kg1 h5 66.Ne4+ Kf3 67.Nd2+ Ke3 68.Nb3  0-1

[Event "5th Karpov"]
[Site "Poikovsky RUS"]
[Date "2004.03.19"]
[Round "3"]
[White "Malakhov,V"]
[Black "Rublevsky,S"]
[Result "0-1"]
[WhiteElo "2700"]
[BlackElo "2655"]

1.e4 c5 2.Nf3 e6 3.d4 cxd4 4.Nxd4 Nc6 5.Nc3 d6 6.Be3 Nf6 7.Be2 Be7 8.O-O O-O
9.f4 e5 10.Nb3 exf4 11.Bxf4 Be6 12.Qd3 d5 13.e5 Nd7 14.Nxd5 Ndxe5 15.Nxe7+ Qxe7
16.Qg3 f6 17.Rad1 Rad8 18.Qc3 b6 19.a3 Rc8 20.Ba6 Rc7 21.Qe1 Rd7 22.Rxd7 Qxd7
23.Qd2 Qf7 24.Rd1 Bxb3 25.cxb3 Qxb3 26.Qd5+ Qxd5 27.Rxd5 Kf7 28.Rd2 Rd8 29.Rc2 Ke6
30.h3 g5 31.Be3 h6 32.Bb7 Ne7 33.g4 Rd3 34.Rc3 Rxc3 35.bxc3 Nd5 36.Bc1 Nxc3
37.Kg2 Ne2 38.Bd2 Nf4+ 39.Kg3 Ne2+ 40.Kg2 Nc4 41.Bb4 Nf4+ 42.Kg3 a5 43.Bc8+ Kd5
44.Be7 Nd6 45.Bd7 Ng6 46.Bd8 b5 47.a4 b4 48.Bxa5 b3  0-1

[Event "Amber Blindfold"]
[Site "Monte Carlo MNC"]
[Date "2004.03.20"]
[Round "1"]
[White "Anand,V"]
[Black "Svidler,P"]
[Result "1/2-1/2"]
[WhiteElo "2766"]
[BlackElo "2747"]

1.e4 c5 2.Nf3 Nc6 3.d4 cxd4 4.Nxd4 e6 5.Nc3 d6 6.Be3 Nf6 7.Qd2 Be7 8.f4 e5
9.Nf3 Ng4 10.O-O-O Nxe3 11.Qxe3 exf4 12.Qxf4 O-O 13.Kb1 Be6 14.Nd5 Rc8 15.h4 Bxd5
16.Rxd5 Qb6 17.Bc4 Na5 18.Rb5 Qc7 19.Bd3 Nc4 20.e5 Nxe5 21.Nxe5 dxe5 22.Qe4 f5
23.Qxe5 Qxe5 24.Rxe5 Bd6 25.Rd5 Rf6 26.Bxf5 Rc5 27.Be4 b6 28.Rdd1 Re5 29.Bd3 h5
30.a3 Kf8 31.Ka2 Ke7 32.Rhf1 Rxf1 33.Rxf1 Re6 34.Rf5 Rg6 35.Rxh5 Rxg2 36.Rh8 a5
37.h5 Bc5 38.Bg6 Bd4 39.Re8+ Kd7 40.Ra8 Rh2 41.Bf5+ Ke7 42.Ra7+ Kf6 43.Bg6 Ke6
44.Rc7 Kd6 45.Rc8 Bf6 46.a4 Kd7 47.Rb8 Kc7 48.Re8 Rh4 49.Ka3 Rd4 50.c3 Rd8
51.Re2 Rd7 52.Kb3 Rd5 53.Rf2 Rg5 54.Rd2 Re5 55.Rf2 Rg5 56.Bf7 Be7 57.Re2 Bf6
58.Re8 Re5 59.Rf8 Be7 60.Rg8 Bf6 61.Bg6 Rd5 62.Ra8 Rd7 63.Be4 Re7 64.Bf5 Kc6
65.Rf8 Bg5 66.Kc4 Re2 67.Rf7 Re7 68.Rf8 Re2 69.b4 axb4 70.cxb4 Re5 71.Bg6 Kd6
72.Rg8 Bf6 73.Rb8 Kc6 74.Rf8 Bg5 75.Kd4 Kd6 76.Kc4 Kc6 77.Rf7 Re7 78.Rf3 Re5
79.Rd3 Bf6 80.Rd4 Re3  1/2-1/2

[Event "Amber Rapid"]
[Site "Monte Carlo MNC"]
[Date "2004.03.20"]
[Round "1"]
[White "Svidler,P"]
[Black "Anand,V"]
[Result "1/2-1/2"]
[WhiteElo "2747"]
[BlackElo "2766"]

1.e4 c5 2.Nf3 Nc6 3.d4 cxd4 4.Nxd4 e6 5.Nc3 Qc7 6.Be3 a6 7.Qd2 Nf6 8.O-O-O Bb4
9.f3 Na5 10.Qe1 Bxc3 11.Qxc3 Qxc3 12.bxc3 d5 13.e5 Nd7 14.f4 b5 15.Nb3 Nc6
16.Bd3 Rb8 17.Kd2 Nb6 18.Rb1 Nc4+ 19.Bxc4 dxc4 20.Nc5 O-O 21.Rhd1  1/2-1/2

[Event "TCh-CZE Extraliga 2003-4"]
[Site "Czech Rep CZE"]
[Date "2004.03.21"]
[Round "9"]
[White "Kanovsky,D"]
[Black "Chloupek,S"]
[Result "1-0"]
[WhiteElo "2302"]
[BlackElo "2371"]

1.e4 c5 2.Nf3 e6 3.d4 cxd4 4.Nxd4 Nc6 5.Nc3 Qc7 6.g3 a6 7.Bg2 Nf6 8.O-O d6
9.Re1 Nd7 10.Bg5 Nde5 11.b3 Be7 12.Bxe7 Nxe7 13.Qd2 O-O 14.a4 Bd7 15.a5 N5c6
16.Nxc6 Bxc6 17.Ne2 d5 18.Nd4 dxe4 19.Nxc6 Nxc6 20.Bxe4 Rad8 21.Qc3 Rd6 22.Red1 Rfd8
23.Rxd6 Qxd6 24.Kg2 h6 25.Ra4 f5 26.Bxc6 Qxc6+ 27.Qxc6 bxc6 28.Rc4 Rd6 29.f4 Kf7
30.Kf3 Kf6 31.Rc5 g5 32.Ke3 g4 33.c3 h5 34.Rc4 e5 35.fxe5+ Kxe5 36.Rc5+ Ke6
37.Kf4 Rd2 38.Rxc6+ Kd5 39.Rxa6 Rf2+ 40.Kg5 Rxh2 41.Rf6 h4 42.Rxf5+ Ke6 43.gxh4 g3
44.Rf3 g2 45.Rg3 Rh3 46.Rxg2 Rxc3 47.b4 Kf7 48.Rf2+ Kg7 49.Rf5 Rg3+ 50.Kh5 Rb3
51.b5  1-0

[Event "5th ch-EURw"]
[Site "Dresden GER"]
[Date "2004.03.21"]
[Round "1"]
[White "Mietzner,T"]
[Black "Arakhamia,K"]
[Result "0-1"]
[WhiteElo "2201"]
[BlackElo "2435"]

1.e4 c5 2.Nf3 e6 3.d4 cxd4 4.Nxd4 Nc6 5.Nc3 Qc7 6.Be3 Nf6 7.Be2 a6 8.a3 Be7
9.Qd2 O-O 10.f4 d6 11.g4 Nxd4 12.Qxd4 e5 13.Qd1 exf4 14.Bxf4 Be6 15.g5 Nd7
16.Qd2 Rac8 17.O-O-O Ne5 18.h4 Rfd8 19.Nd5 Bxd5 20.exd5 Bf8 21.Rh2 Re8 22.h5 Nc4
23.Bxc4 Qxc4 24.Kb1 Re4 25.Bg3 Rg4 26.Bf2 Rxg5 27.b3 Qc3 28.Be3 Qxd2 29.Rdxd2 Re5
30.Bf4 Rf5 31.Be3 b5 32.h6 g6 33.Rhf2 Re5 34.Bf4 Re4 35.Rd3 f5 36.Bd2 Be7
37.Bb4 Bf6 38.Rd1 Be5 39.Rc1 Kf7 40.Rd1 Kf6 41.Rg2 g5 42.Rdg1 g4 43.Be1 Rd4
44.Rd2 Rxd2 45.Bxd2 Rc5  0-1

[Event "TCh-AUT 2003-4"]
[Site "Jenbach AUT"]
[Date "2004.03.21"]
[Round "11"]
[White "Polzin,R"]
[Black "Varga,P"]
[Result "1/2-1/2"]
[WhiteElo "2497"]
[BlackElo "2468"]

1.e4 c5 2.Nf3 Nc6 3.Nc3 e6 4.d4 cxd4 5.Nxd4 Qc7 6.Be2 a6 7.O-O Nf6 8.Be3 Be7
9.f4 d6 10.a4 O-O 11.Kh1 Re8 12.Bf3 Bf8 13.Nb3 Na5 14.Nxa5 Qxa5 15.Qd2 Nd7
16.Rfb1 Qc7 17.a5 b5 18.axb6 Nxb6 19.Qf2 Nd7 20.Nb5 Qb8 21.e5 d5 22.Nd4 Bb7
23.Nb3 Rc8 24.Na5 Bb4 25.c3 Bxa5 26.Rxa5 Bc6 27.Bd4 Qc7 28.Rba1 Bb5 29.f5 Nxe5
30.Qg3 f6 31.fxe6 Nxf3 32.Qxf3 Qd6 33.Re1 Re8 34.Qe3 Rac8 35.b4 Rc6 36.e7  1/2-1/2

[Event "5th ch-EURw"]
[Site "Dresden GER"]
[Date "2004.03.22"]
[Round "2"]
[White "Kosteniuk,A"]
[Black "Ovod,E"]
[Result "1-0"]
[WhiteElo "2469"]
[BlackElo "2357"]

1.e4 c5 2.Nf3 e6 3.d4 cxd4 4.Nxd4 Nc6 5.Nc3 Qc7 6.Be2 a6 7.O-O Nf6 8.Be3 Be7
9.f4 d6 10.a4 O-O 11.Kh1 Re8 12.Bf3 Bd7 13.Nb3 b6 14.g4 Bc8 15.Bg2 Bb7 16.g5 Nd7
17.Qh5 g6 18.Qh3 Bf8 19.f5 Bg7 20.Rf4 Bxc3 21.fxe6 fxe6 22.bxc3 Re7 23.Rd1 Rf8
24.Rxf8+ Nxf8 25.Bf4 e5 26.Bc1 Nd8 27.Qd3 Nf7 28.Rf1 Ne6 29.h4 Qc6 30.h5 gxh5
31.Qf3 Qxa4 32.Qf6 Qe8 33.g6 hxg6 34.Qxg6+ Ng7 35.Bh3 Nh8 36.Qxd6 Bxe4+ 37.Kh2 Rf7
38.Re1 Bxc2 39.Nd4 Qf8 40.Qxe5 Ng6 41.Qd5 Qb8+ 42.Kh1 Qg3 43.Re3 Qf2 44.Rf3 Qe1+
45.Kh2 Bf5 46.Nxf5 Nxf5 47.Rxf5 Qe2+ 48.Bg2 Qe7 49.Qxf7+ Qxf7 50.Bd5  1-0

[Event "Amber Blindfold"]
[Site "Monte Carlo MNC"]
[Date "2004.03.23"]
[Round "4"]
[White "Shirov,A"]
[Black "Ivanchuk,V"]
[Result "1/2-1/2"]
[WhiteElo "2736"]
[BlackElo "2716"]

1.e4 c5 2.Nf3 Nc6 3.d4 cxd4 4.Nxd4 e6 5.Nc3 a6 6.Be2 Qc7 7.O-O b5 8.Re1 Bb7
9.a4 Nxd4 10.Qxd4 b4 11.Nd1 Nf6 12.e5 Bc5 13.Qf4 Nd5 14.Qg3 f5 15.Bh5+ g6
16.Bf3 O-O 17.h4 f4 18.Qg4 Rf5 19.Bxd5 Bxd5 20.Bxf4 Raf8 21.Bg3 Qc6 22.Qh3 Bd4
23.c3 bxc3 24.bxc3 Bxc3 25.Nxc3 Qxc3 26.Qg4 a5 27.Rab1 Bc6 28.Rec1 Qd3 29.Qc4 Rf3
30.Qxd3 Rxd3 31.Rc5 Ra8 32.Ra1 Rd4 33.f3 Bxa4 34.Be1 Kf7 35.Kh2 Bc6 36.Rcxa5 Rxa5
37.Rxa5 Ra4 38.Rxa4  1/2-1/2

[Event "IV Open"]
[Site "Dos Hermanas ESP"]
[Date "2004.03.26"]
[Round "2"]
[White "Martin Perez,J"]
[Black "Illescas Cordoba,M"]
[Result "0-1"]
[WhiteElo "2280"]
[BlackElo "2616"]

1.e4 c5 2.Nf3 Nc6 3.d4 cxd4 4.Nxd4 e6 5.Nc3 Qc7 6.Nxc6 bxc6 7.Bd3 Nf6 8.Qe2 d5
9.O-O Be7 10.b3 O-O 11.Bb2 Re8 12.Rae1 Bb7 13.e5 Nd7 14.Nb1 Nc5 15.Nd2 Nxd3
16.Qxd3 a5 17.c4 a4 18.Re3 axb3 19.axb3 Ra2 20.Rh3 h6 21.Bc3 Rd8 22.Qb1 Rda8
23.Nf3 c5 24.Bd2 dxc4 25.Bxh6 Ra1 26.Qc2 cxb3 27.Qxb3 Rxf1+ 28.Kxf1 gxh6
29.Rxh6 Ra1+ 30.Ke2 Ba6+  0-1

[Event "5th ch-EURw"]
[Site "Dresden GER"]
[Date "2004.03.27"]
[Round "7"]
[White "Makka,I"]
[Black "Bakalarz,G"]
[Result "1-0"]
[WhiteElo "2205"]
[BlackElo "2082"]

1.e4 c5 2.Nc3 e6 3.Nf3 Nc6 4.d4 cxd4 5.Nxd4 Nf6 6.Ndb5 Bb4 7.a3 Bxc3+ 8.Nxc3 d5
9.exd5 exd5 10.Bd3 O-O 11.O-O d4 12.Ne2 Qd5 13.b3 Bg4 14.f3 Be6 15.Bb2 Rad8
16.Kh1 a6 17.Qd2 Rfe8 18.Rad1 Qc5 19.Nf4 Nd5 20.Nxd5 Bxd5 21.Qf4 Qd6 22.Qh4 g6
23.Rfe1 Rxe1+ 24.Rxe1 Qf8 25.h3 Qg7 26.Qxd8+ Nxd8 27.Re8+ Qf8 28.Rxf8+ Kxf8
29.Bxd4 Ne6 30.Be3 f5 31.c4 Bc6 32.Kg1 Ke7 33.a4 f4 34.Ba7 Kd6 35.a5 Nc5
36.Bb8+ Ke6 37.Bc2 g5 38.Ba7 Nd7 39.Bxh7 Ke5 40.Kf2 Kd6 41.Ke2 Nf6 42.Bg6 Nd7
43.Bc2 Ke5 44.Kd3 Nf8 45.Bd4+ Ke6 46.Kc3 Nd7 47.b4 Nf8 48.Bd3 Nd7 49.b5 axb5
50.cxb5 Bd5 51.a6 bxa6 52.bxa6 Kd6 53.Bb5 Nf8 54.Bf6 Kc5 55.Bd3 Ne6 56.Bf5 Kb6
57.Bxe6 Bxe6 58.Bxg5 Kxa6 59.Bxf4  1-0

[Event "Amber Rapid"]
[Site "Monte Carlo MNC"]
[Date "2004.03.27"]
[Round "7"]
[White "Shirov,A"]
[Black "Svidler,P"]
[Result "1/2-1/2"]
[WhiteElo "2736"]
[BlackElo "2747"]

1.e4 c5 2.Nf3 Nc6 3.d4 cxd4 4.Nxd4 e6 5.Nc3 a6 6.Be2 d6 7.Be3 Nf6 8.Qd2 Be7
9.O-O-O O-O 10.f4 Nxd4 11.Bxd4 Nd7 12.Bf3 Rb8 13.Ba7 Ra8 14.Bd4 Rb8 15.Ba7 Ra8
16.Be3 Rb8 17.g4 b5 18.g5 Bb7 19.h4 b4 20.Ne2 Nc5 21.Qd4 Qa5 22.Kb1 e5 23.fxe5 Ne6
24.Qd3 dxe5 25.Nc1 Rbc8 26.Rh2 Qc7 27.Qd7 Bc5 28.Qxc7 Rxc7 29.Bxc5 Nxc5 30.Nd3 Nxd3
31.Rxd3 f5 32.gxf6 Rxf6 33.a3 a5 34.axb4 axb4 35.Rhd2 Ba6 36.Rd8+ Kf7 37.Bg4 Rf4
38.R2d7+ Rxd7 39.Rxd7+ Kf8 40.Rd8+ Kf7 41.Rd7+ Kf8 42.Rd8+  1/2-1/2